Statistics for English Premier League Teams Quiz

Click here to take the quiz!

General Stats

  • This quiz has been taken 233,669 times
    (33,853 since last reset)
  • The average score is 17 of 20

Answer Stats

Team% Correct
Manchester United
99%
Manchester City
99%
Liverpool
97%
Arsenal
96%
Chelsea
96%
Tottenham Hotspur
92%
Leicester City
86%
Everton
84%
West Ham United
84%
Aston Villa
82%
Wolverhampton Wanderers
82%
Leeds United
81%
Newcastle United
79%
Brighton & Hove Albion
77%
Southampton
76%
Fulham
75%
West Bromwich Albion
73%
Crystal Palace
72%
Burnley
70%
Sheffield United
66%

Score Distribution

Percentile by Number Answered

Percent of People with Each Score

Your Score History

You have not taken this quiz since the last reset